| 000 | 00754nam a2200205 i 4500 | ||
|---|---|---|---|
| 001 | 26705 | ||
| 003 | ES-MaACL | ||
| 005 | 20230906153504.0 | ||
| 007 | t| | ||
| 008 | 030110s1969 sp ||||1| spa d | ||
| 110 | 2 |
_aAsociación de Directores Escolares. _bAsamblea Nacional ( _d1969. _cBarcelona) _9171821 |
|
| 245 | 1 | 0 | _aAsamblea Nacional de la Asociación de Directores Escolares, Barcelona 27-31 mayo 1969. |
| 260 |
_aMadrid : _bEdiciones del Movimiento, _c[1969] |
||
| 300 |
_a140 p. ; _c22 cm. |
||
| 594 | _aPrecede al tít.: Jefatura Nacional del S.E.M. | ||
| 650 | 4 |
_aDirectores de centros docentes. _9168916 |
|
| 710 | 2 |
_aServicio Español del Magisterio. _9170669 |
|
| 710 | 2 |
_aEdiciones del Movimiento. _9171800 |
|
| 852 |
_aES-MaACL _jC-36764 |
||
| 999 |
_c26705 _d26705 |
||